000 00596nam a2200241Ia 4500
003 IT-RoPAU
008 120407s9999 xx 000 0 und d
040 _aIT-RoPAU
040 _cIT-RoPAU
041 _aita
100 _aFernande Isambert
245 _aI nonni d’oggi
250 _aMilano
260 _aEdizioni Paoline
260 _c1971
300 _a164 p.
300 _c18 cm
490 _aLa famiglia
490 _v51
600 _a"Tit. orig.: Grands-parents d’aujourd’hui. Trad. G. Agius 1 - Nonni 1 Agius Giuiseppe 301.435"
942 _cBK
999 _c26720
_d26720